Tennis - Le top 20 du classement ATP au 1er janvier 2022 - Statistiques

Statistiques générales
  • Ce quiz a été pris 28 fois
  • Le résultat moyen est 14 sur 20
Statistiques - réponses
Rang Joueur Pays Âge Points % Correct
1 Novak Djokovic Serbie 34 11 540
100%
6 Rafael Nadal Espagne 35 4 875
100%
2 Daniil Medvedev Russie 25 8 640
96%
10 Jannik Sinner Italie 20 3 350
92%
4 Stefanos Tsitsipas Grèce 23 6 540
92%
3 Alexander Zverev Allemagne 24 7 840
88%
16 Roger Federer Suisse 40 2 385
88%
5 Andrey Rublev Russie 24 5 150
84%
8 Casper Ruud Norvège 23 4 160
84%
11 Félix Auger-Aliassime Canada 21 3 308
80%
15 Dominic Thiem Autriche 28 2 425
72%
9 Hubert Hurkacz Pologne 24 3 706
68%
7 Matteo Berrettini Italie 25 4 568
64%
12 Cameron Norrie Royaume-Uni 26 2 945
60%
14 Denis Shapovalov Canada 22 2 475
60%
13 Diego Schwartzman Argentine 29 2 625
60%
19 Roberto Bautista Agut Espagne 33 2 260
52%
20 Pablo Carreno Busta Espagne 30 2 230
52%
17 Cristian Garin Chili 25 2 353
32%
18 Aslan Karatsev Russie 28 2 351
16%
Aucun quiz correspondant
Distribution des résultats
% des personnes avec chaque résultat
Percentile par nombre de réponses
Votre historique - résultats
Vous n’avez pas pris ce quiz